Price stability: why is it important for you?
Salvato in:
| Natura: | Libro |
|---|---|
| Lingua: | inglese |
| Pubblicazione: |
Frankfurt am Main
European Central Bank
2008
|
| Soggetti: | |
| Tags: |
Nessun Tag, puoi essere il primo ad aggiungerne!!
|
MARC
| LEADER | 00000nam a2200000 4500 | ||
|---|---|---|---|
| 001 | 0188964 | ||
| 005 | 20240315123210.7 | ||
| 020 | |a 978-92-899-0242-7 | ||
| 041 | 0 | |a eng | |
| 044 | |a DE | ||
| 245 | 1 | 0 | |a Price stability: why is it important for you? |
| 264 | 1 | |a Frankfurt am Main |b European Central Bank |c 2008 | |
| 300 | |a 78 s. | ||
| 610 | 2 | 0 | |a stabilita cien |
| 610 | 2 | 0 | |a peniaze |
| 610 | 2 | 0 | |a politika cenová |
| 610 | 2 | 0 | |a politika menová |
| 610 | 2 | 0 | |a Európska centrálna banka |
| 610 | 2 | 0 | |a euro |
| 610 | 2 | 0 | |a eurozóna |